Włoskie Brainroty zaczynające się na literę T - nagła śmierć - Statystyki

Ogólne statystyki
  • Ten quiz został rozwiązany 522 razy
  • Średni wynik to 5 z 15
Answers on the Grid
Answers color-coded by a green-red scale on the quiz's grid according to % correct below.
 
Statystyki odpowiedzi
Odpowiedź % Poprawnych
68%
62%
58%
56%
44%
29%
27%
27%
26%
25%
25%
15%
13%
12%
9%
Nie znaleziono quizów pasujących do podanych kryteriów
Rozkład punktacji
Procent ludzi z każdym wynikiem
Percentyl według liczby udzielonych odpowiedzi
Twoja historia wyników
Nie rozwiązałeś tego quizu